1502 1541 1340 1603 1185 1113 1493 1370 1450 1420 1982 1842 1060 1732 1722 1121 1930 1877 1011 1902 1906 1542 1756 1468 1492 1969 1706 1261 1801 1259 1916 1747 1043 1114 1102 1252 1031 1408 1706 1993 1764 1673 1771 1235 1928 1094 1877 1688 1465 1976 1818 1576 1022 1636 1860 1927 1589 1093 1534 1931 1825 1304 1867 1621 1793 1899 1824 1460 1458 1574 1725 1942 1100 1673 1364 1096 1630 1889 1391 1828 1105 1796 1200 1775 1352 1978 1850 1391 1954 1586 1668 1506 1081 1794 1904 1657 1347 1938 1709 BCNSPRNW ULIB Ver.6.0+V

เปลี่ยนเป็นภาษาไทย

Change to English
 แสดงรายละเอียดบรรณานุกรม
  กลับหน้าหลัก

Brief Record : Get Marc (ISO 2709) : E-mail record : QR code < ปิดหน้าต่าง
LEADER : 00000nam 2200000uu 4500
001    13399123230
003     ULIB
008    020711s2552 th a 000 0 tha d
050 14 LB1027^bส111ค
110    กระทรวงการท่องเที่ยวและกีฬา.^bกรมพลศึกษา.^bสถาบันพัฒนาบุคลากรการพลศึกษาและการกีฬา.
245    คู่มือผู้ตัดสินกีฬายกน้ำหนัก/^cสถาบันพัฒนาบุคลากรการพลศึกษาและการกีฬา
260    กรุงเทพฯ :^bโรงพิมพ์สหกรณ์การเกษตรแห่งประเทศไทย,^c2552
300    57 หน้า;^b26 ซม.
650    ยกน้ำหนัก
945    ^p0^l0^i20361
999    ^aทศพร เกษรทอง
รายการนี้ยังไม่มีแท็ก
คุณยังไม่ได้ล็อกอิน คุณสามารถมีกิจกรรมร่วมกับเว็บไซต์ได้ แต่ต้องล็อกอินก่อน ::
  ล็อกอิน

รายการสื่อสารสนเทศ

ลำดับที่ ประเภท เลขเรียก/บาร์โค้ด สถานที่ สถานะ
1. การศึกษาทั่วไป
การศึกษาทั่วไป
LB1027 ส111ค ฉ.1 
  Barcode: 20361
ห้องสมุดวิทยาเขตนครสวรรค์
►หนังสือทั่วไป:l:General Books
บนชั้น
Note:อภินันทนาการ

รายการใกล้เคียง
    หัวเรื่อง [ยกน้ำหนัก]

BibComment


ยังไม่เคยถูกคอมเมนท์

คอมเมนท์ทรัพยากรรายการนี้
  คอมเมนท์: คู่มือผู้ตัดสินกี..


 Copyright 2026. Bcnsprnw @Library